Khi người đàn bà vào hang đá

Αποθηκεύτηκε σε:
Λεπτομέρειες βιβλιογραφικής εγγραφής
Κύριος συγγραφέας: Huỳnh Bá Thành
Μορφή: Βιβλίο
Γλώσσα:Undetermined
Έκδοση: Tp. HCM Văn nghệ 1982
Θέματα:
Ετικέτες: Προσθήκη ετικέτας
Δεν υπάρχουν, Καταχωρήστε ετικέτα πρώτοι!
Thư viện lưu trữ: Trung tâm Học liệu Trường Đại học Cần Thơ
LEADER 00528nam a2200169Ia 4500
001 CTU_9298
008 210402s9999 xx 000 0 und d
082 |a 895.922308 
082 |b Th107k 
100 |a Huỳnh Bá Thành 
245 0 |a Khi người đàn bà vào hang đá 
245 0 |c Huỳnh Bá Thành 
260 |a Tp. HCM 
260 |b Văn nghệ 
260 |c 1982 
650 |a detective and mystery stories, vietnamese,short stories, vietnamese 
980 |a Trung tâm Học liệu Trường Đại học Cần Thơ